logo

Bir Sreshtho Munshi Abdur Rouf Library
Jhenaidah Cadet College

বাংলার মুসলমানদের ইতিহাস ১৭৫৭-১৯৪৭ / (Record no. 11053)

MARC details
000 -LEADER
fixed length control field 00848nam a2200229 a 4500
001 - CONTROL NUMBER
JCCL Control Number 11053
003 - CONTROL NUMBER IDENTIFIER
JCCL marc code BD-JhCC
005 - DATE AND TIME OF LATEST TRANSACTION
control field 20190727160555.0
008 - FIXED-LENGTH DATA ELEMENTS--GENERAL INFORMATION
fixed length control field 190627b19762017bg |||| ||a| 001 0 ben d
020 ## - INTERNATIONAL STANDARD BOOK NUMBER
International Standard Book Number 9789841107178
035 ## - SYSTEM CONTROL NUMBER
system control number (BD-JhCC)11053
040 ## - CATALOGING SOURCE
Original cataloging agency BD-JhCC
Modifying agency BD-JhCC
041 ## - LANGUAGE CODE
Language code of Book ben
082 ## - DEWEY DECIMAL CLASSIFICATION NUMBER
Classification number 297.09542
Author mark and Year RAH 2017
100 ## - MAIN ENTRY--PERSONAL NAME
Personal name রহিম, ডক্টর মুহম্মদ আবদুর
245 ## - TITLE STATEMENT
Title বাংলার মুসলমানদের ইতিহাস ১৭৫৭-১৯৪৭ /
Statement of responsibility, etc ডক্টর মুহম্মদ আবদুর রহিম ।
260 ## - PUBLICATION, DISTRIBUTION, ETC. (IMPRINT)
Place of publication, distribution, etc ঢাকাঃ
Name of publisher, distributor, etc আহমদ পাবলিশিং হাউস;
Date of publication, distribution, etc ২০১৭.
300 ## - PHYSICAL DESCRIPTION
Pagination ২৭৮ পৃঃ . :
Dimensions ২২ সেমি.
651 ## - SUBJECT ADDED ENTRY--GEOGRAPHIC NAME
Geographic name Muslims
Geographic subdivision Bangladesh
942 ## - ADDED ENTRY ELEMENTS (KOHA)
Source of classification or shelving scheme Dewey Decimal Classification
Koha item type Books
Holdings
Source of classification or shelving scheme Damaged status Not for loan Home library Current library Shelving location Cost, normal purchase price Total Checkouts Full call number Barcode Date last seen Copy number Koha item type
Dewey Decimal Classification     JCC Rouf Library JCC Rouf Library General Stacks 350.00   297.09542 RAH 2017 15014 07/27/2019 C-1 Books

JCC Library | Contacts | JCC Home

Last Update on 23 September 2017
Copyright @ 2017-2020 JCC Rouf Library
Rouf Library, Jhenidah Cadet College (JCC), Bangladesh